Paisaje cultural cafetero : (Registro nro. 6897)

Detalles MARC
000 -CABECERA
Campo de control 01200cam a22002654a 4500
005 - FECHA Y HORA DE LA ULTIMA TRANSACCION
Campo de control 20151215074021.0
008 - ELEMENTOS DE LONGITUD FIJA—INFORMACION GENERAL
Campo de control 090813s2008 ck ab b 000 0 spa
020 ## - ISBN
ISBN 9789584436405
040 ## - FUENTE DE CATALOGACIÓN
Agencia catalogadora original DLC
Agencia transcriptora DLC
Agencia Modificadora CO-BoIAVH
041 0# - IDIOMA
Código de idioma para texto/pista de sonido o título separado Español
Código de idioma del sumario o resumen/título o subtítulo sobreimpreso eng
044 ## - PAÍS DE PUBLICACIÓN
País de publicación Colombia
082 04 - NUMERO DE CLASIFICACION DECIMAL DEWEY
Número de clasificación 338.17373
Número del ítem O83p
245 00 - MENCION DE TITULO
Título Paisaje cultural cafetero :
Parte restante del título Risaralda, Colombia /
Mención de responsabilidad [Jorge Enrique Osorio Velásquez, Álvaro Acevedo Tarazona, editores].
250 ## - MENCION DE EDICION
Mención de edición 1. ed.
260 ## - PUBLICACION, DISTRIBUCION, ETC. (PIE DE IMPRENTA)
Lugar de publicación, distribución, etc. Pereira, Risaralda, Colombia :
Nombre del editor, distribuidor, etc. Universidad Católica Popular del Risaralda :
-- Universidad Tecnológica de Pereira :
-- Corporación Autónoma Regional del Risaralda,
Fecha de publicación, distribución, etc. c2008.
300 ## - DESCRIPCION FISICA
Extensión 257 páginas :
Otros detalles físicos ilustraciones (algunas a color), mapas ;
Dimensiones 28 x 22 cm.
504 ## - NOTA DE BIBLIOGRAFIA, ETC.
Nota de bibliografía Incluye referencias bibliográficas.
546 ## - NOTA DE IDIOMA
Nota de idioma Resúmenes algunos en Inglés.
650 #6 - ASIENTO SECUNDARIO DE MATERIA - TERMINO TEMATICO
Término temático o nombre geográfico como elemento de entrada Conservación de los bienes culturales
Subdivisión geográfica Colombia
-- Risaralda (Departmento)
9 (RLIN) 44224
650 #6 - ASIENTO SECUNDARIO DE MATERIA - TERMINO TEMATICO
Término temático o nombre geográfico como elemento de entrada Café
Subdivisión geográfica Colombia
-- Risaralda (Departmento)
9 (RLIN) 44225
650 #6 - ASIENTO SECUNDARIO DE MATERIA - TERMINO TEMATICO
Término temático o nombre geográfico como elemento de entrada Bienes culturales
Subdivisión geográfica Colombia
-- Risaralda (Departmento)
9 (RLIN) 44226
700 1# - ASIENTO SECUNDARIO - NOMBRE PERSONAL
Nombre personal Osorio Velásquez, Jorge Enrique.
Término de relación Editor
9 (RLIN) 44222
700 1# - ASIENTO SECUNDARIO - NOMBRE PERSONAL
Nombre personal Acevedo Tarazona, Alvaro.
Término de relación Editor
9 (RLIN) 44223
942 ## - ELEMENTOS ADICIONALES (KOHA)
Sistema de clasificación Dewey Decimal Classification
Tipo de ítem Libro
Existencias
Withdrawn status Lost status Sistema de Clasificación Damaged status No para préstamo Colección Inventariado Ubicación Permanente Ubicación actual Fecha de adquisición Fuente de Valor Valor Total Checkouts Número topográfico Inventario / Código de Barras Date last seen Ejemplar Price effective from Forma de adquisición Tipo de material
    Dewey Decimal Classification     General Inventariado 2017 Bogotá Bogotá 02/06/2009 Instituto 39000.00   LB-338.17373 O83p 027037 04/12/2012 Ej.1 04/12/2012   Libro